[Event "Pivdenny Bank Geller Mem"]
[Site "Odessa UKR"]
[Date "2005.07.02"]
[Round "4"]
[White "Beim,V"]
[Black "Legky,N"]
[Result "1/2-1/2"]
[WhiteElo "2512"]
[BlackElo "2455"]
[EventDate "2005.07.01"]

1. c4 e6 2. Nc3 d5 3. d4 Nf6 4. cxd5 exd5 5. Bg5 c6 6. e3 Be7 7. Bd3 Nbd7
8. Qc2 Nh5 9. Bxe7 Qxe7 10. Nf3 Nf4 11. Bf1 Ne6 12. O-O-O g6 13. Kb1 Ng7
14. Bd3 Nf6 15. Rhe1 O-O 16. h3 Bf5 17. g4 Bxd3 1/2-1/2

[Event "Pivdenny Bank Geller Mem"]
[Site "Odessa UKR"]
[Date "2005.07.02"]
[Round "4"]
[White "Podgaets,M"]
[Black "Klinova,M"]
[Result "1-0"]
[WhiteElo "2487"]
[BlackElo "2391"]
[EventDate "2005.07.01"]

1. d4 d6 2. Nf3 Nf6 3. g3 g6 4. Bg2 Bg7 5. O-O O-O 6. c4 Nc6 7. Nc3 Bf5 8.
Ne1 e5 9. d5 Ne7 10. e4 Bd7 11. Nd3 Ne8 12. f4 f5 13. fxe5 dxe5 14. Qb3 b6
15. c5 Kh8 16. Bd2 bxc5 17. Nxc5 Nd6 18. Rad1 Rb8 19. Qc2 Nec8 20. Bc1 Nb6
21. b3 Qe7 22. a4 Rbd8 23. Nxd7 Nxd7 24. Ba3 a6 25. Na2 a5 26. Qxc7 1-0

[Event "Pivdenny Bank Geller Mem"]
[Site "Odessa UKR"]
[Date "2005.07.02"]
[Round "4"]
[White "Golubev,M"]
[Black "Drozdovskij,Y"]
[Result "0-1"]
[WhiteElo "2517"]
[BlackElo "2517"]
[EventDate "2005.07.01"]

1. e4 e6 2. d4 d5 3. Nc3 Bb4 4. e5 Ne7 5. a3 Bxc3+ 6. bxc3 c5 7. Qg4 Kf8 8.
Bd2 b6 9. a4 Ba6 10. Bb5 Qc8 11. Ne2 Nbc6 12. O-O Bxb5 13. axb5 Na5 14.
dxc5 Qxc5 15. Nd4 Nc4 16. Bc1 h6 17. Re1 Kg8 18. Qh5 Qc7 19. Ra4 Qd7 20.
Qf3 Rc8 21. Qd3 a5 22. f4 h5 23. Nc6 Rc7 24. Nxe7+ Qxe7 25. f5 exf5 26.
Qxf5 Qe6 27. Qd3 Nxe5 28. Qg3 Re7 29. Rf4 Nf3+ 30. Rxf3 Qxe1+ 0-1

[Event "Pivdenny Bank Geller Mem"]
[Site "Odessa UKR"]
[Date "2005.07.02"]
[Round "4"]
[White "Bogdanovich,S"]
[Black "Ponomariov,R"]
[Result "0-1"]
[WhiteElo "2128"]
[BlackElo "2695"]
[EventDate "2005.07.01"]

1. Nf3 Nf6 2. d4 e6 3. c4 b6 4. g3 Ba6 5. b3 Bb4+ 6. Bd2 Be7 7. Bg2 c6 8.
O-O d5 9. Ne5 Nfd7 10. Nxd7 Nxd7 11. Bc3 O-O 12. Nd2 Rb8 13. e4 b5 14. exd5
cxd5 15. cxb5 Bxb5 16. Re1 Nf6 17. Bf1 Qb6 18. Bxb5 Qxb5 19. Qe2 Qxe2 20.
Rxe2 Rfc8 21. Rc1 Bb4 22. Nb1 Ne4 23. Bb2 Rxc1+ 24. Bxc1 Rc8 25. Be3 Kf8
26. f3 Nd6 27. Kf2 Nf5 28. Bd2 a5 29. Be3 Ke7 30. g4 Nxe3 31. Kxe3 Rc1 32.
Rb2 Re1+ 33. Kd3 Rd1+ 34. Ke3 Kd7 35. a3 Be7 36. b4 axb4 37. axb4 Bf6 38.
Nd2 Kc6 39. Rc2+ Kb6 40. Nb3 Rb1 41. Nc5 Kb5 42. Nd3 Kb6 43. Nc5 Rxb4 44.
Nd7+ Kb7 45. Nc5+ Ka7 46. Ra2+ Kb6 47. Nd7+ Kc6 48. Nxf6 gxf6 49. Ra7 Rb7
50. Ra8 Rb3+ 51. Kf2 Rb2+ 52. Kg3 e5 53. dxe5 fxe5 54. Rh8 d4 55. Rxh7 d3
0-1

[Event "Pivdenny Bank Geller Mem"]
[Site "Odessa UKR"]
[Date "2005.07.02"]
[Round "4"]
[White "Fingerov,D"]
[Black "Korchnoi,V"]
[Result "1-0"]
[WhiteElo "2361"]
[BlackElo "2619"]
[EventDate "2005.07.01"]

1. e4 e6 2. d4 d5 3. Nd2 c5 4. Ngf3 a6 5. dxc5 Bxc5 6. Bd3 Nf6 7. O-O Nc6
8. a3 Be7 9. Qe2 O-O 10. c4 dxe4 11. Nxe4 Nxe4 12. Bxe4 Nd4 13. Nxd4 Qxd4
14. Rd1 Qf6 15. Be3 a5 16. c5 e5 17. b4 Qh4 18. Bd2 axb4 19. axb4 Bg4 20.
f3 Rxa1 21. Rxa1 Bc8 22. Bc3 Re8 23. Rd1 g6 24. Qb5 Kf8 25. Bxe5 Rd8 26.
Rxd8+ Bxd8 27. Qe2 Qg5 28. Bb2 Be7 29. Qd3 Qf4 30. Qd4 f6 31. Bd5 Qc7 32.
Qe4 Bf5 33. Qc4 Qc8 34. Bg8 Qe8 35. g4 Bd7 36. Bd5 Qc8 37. Qe4 Bc6 38. Bxc6
bxc6 39. Kg2 Qd7 40. Bd4 Kf7 41. Bf2 Bf8 42. h4 Be7 43. h5 Bf8 44. Qc4+ Kg7
45. Be3 gxh5 46. gxh5 Kh8 47. Qg4 Qd5 48. Bd4 Qf7 49. Qf5 1-0

[Event "Pivdenny Bank Geller Mem"]
[Site "Odessa UKR"]
[Date "2005.07.02"]
[Round "5"]
[White "Ponomariov,R"]
[Black "Golubev,M"]
[Result "1-0"]
[WhiteElo "2695"]
[BlackElo "2517"]
[EventDate "2005.07.01"]

1. e4 c5 2. Nc3 d6 3. Bb5+ Bd7 4. a4 Nc6 5. Nge2 g6 6. d3 Bg7 7. O-O e6 8.
Be3 Nge7 9. d4 cxd4 10. Nxd4 O-O 11. Qd2 Ne5 12. Be2 Rc8 13. Ndb5 d5 14.
exd5 exd5 15. Bxa7 Qa5 16. Be3 Qb4 17. Rfd1 Bxb5 18. Nxb5 Qxb2 19. Nd4 Nc4
20. Bxc4 Rxc4 21. Rab1 Qa2 22. Rxb7 Bxd4 23. Bxd4 Nf5 24. Bf6 Qxa4 25. Qxd5
Rxc2 26. Rbb1 Qf4 27. Rf1 Rd2 28. Qc5 Qd6 29. Qc3 Rd3 30. Qa1 Nd4 31. Bg5
Qd5 32. Bh6 Rh3 33. Qxd4 Qxd4 34. Bxf8 Kxf8 35. gxh3 Kg7 36. Rb3 h5 37. Rf3
Qe4 38. Re3 Qf4 39. Rd1 Qf5 40. Rc1 Kh6 41. Rc7 Kg7 42. Kg2 Qg5+ 43. Rg3
Qe5 44. Rcc3 h4 45. Rgf3 Qg5+ 46. Kf1 Qb5+ 47. Ke1 Qe5+ 48. Rce3 Qxh2 49.
Re7 1-0

[Event "Pivdenny Bank Geller Mem"]
[Site "Odessa UKR"]
[Date "2005.07.02"]
[Round "5"]
[White "Korchnoi,V"]
[Black "Podgaets,M"]
[Result "1-0"]
[WhiteElo "2619"]
[BlackElo "2487"]
[EventDate "2005.07.01"]

1. c4 Nf6 2. Nc3 e5 3. Nf3 Nc6 4. a3 g6 5. d3 Bg7 6. e4 d6 7. h3 O-O 8. Be3
Nd7 9. d4 exd4 10. Nxd4 Re8 11. Nxc6 bxc6 12. Qc2 Nc5 13. O-O-O Qe7 14. f3
Rb8 15. Bxc5 dxc5 16. Bd3 Qg5+ 17. Kb1 Bxc3 18. Qxc3 Qxg2 19. Bc2 Qg3 20.
Ba4 Bxh3 21. Bxc6 Red8 22. Bd5 c6 23. Bxc6 Bg2 24. Rhg1 Qxf3 25. Rxd8+ Rxd8
26. Qa5 Rb8 27. Qxa7 Rxb2+ 28. Kxb2 Qf2+ 29. Kb3 Qxg1 30. Qb8+ Kg7 31. Qe5+
Kg8 32. Ka4 Qd1+ 33. Kb5 Qb3+ 34. Kxc5 Qxa3+ 35. Kb6 Qb4+ 36. Bb5 h5 37.
Qf4 Qe7 38. Bc6 h4 39. c5 Qd8+ 40. Kb7 Qe7+ 41. Kb6 Qd8+ 42. Ka6 Qc8+ 43.
Kb5 h3 44. Bd5 Qe8+ 45. c6 Qe7 46. c7 1-0

[Event "Pivdenny Bank Geller Mem"]
[Site "Odessa UKR"]
[Date "2005.07.02"]
[Round "5"]
[White "Drozdovskij,Y"]
[Black "Beim,V"]
[Result "1/2-1/2"]
[WhiteElo "2517"]
[BlackElo "2512"]
[EventDate "2005.07.01"]

1. d4 f5 2. g3 Nf6 3. Bg2 g6 4. c4 Bg7 5. Nc3 O-O 6. Nh3 Nc6 7. O-O d6 8.
d5 Ne5 9. b3 c5 10. Rb1 Bd7 11. Qc2 a6 12. a4 Ne8 13. Nf4 b6 14. Nd3 Rc8
15. Bd2 Nf7 16. e4 Nc7 17. Rbe1 e5 18. f4 b5 19. axb5 axb5 20. exf5 Bxf5
21. Ne4 Qd7 22. Bc3 Rce8 23. g4 Bxe4 24. Rxe4 b4 25. Bb2 exf4 26. Bxg7 Kxg7
27. Rexf4 Qe7 1/2-1/2

[Event "Pivdenny Bank Geller Mem"]
[Site "Odessa UKR"]
[Date "2005.07.02"]
[Round "5"]
[White "Legky,N"]
[Black "Fingerov,D"]
[Result "1-0"]
[WhiteElo "2455"]
[BlackElo "2361"]
[EventDate "2005.07.01"]

1. d4 d5 2. Bf4 Nf6 3. e3 c5 4. c3 e6 5. Nd2 Bd6 6. Bg3 Nc6 7. Ngf3 Qe7 8.
Bd3 O-O 9. Ne5 Nd7 10. f4 f6 11. Nxc6 bxc6 12. O-O e5 13. fxe5 fxe5 14. Qh5
Nf6 15. Qh4 Bd7 16. dxe5 Bxe5 17. Bxh7+ Kh8 18. Bg6+ Kg8 19. Bxe5 Qxe5 20.
Rae1 Be8 21. Nf3 Qd6 22. Bd3 Bh5 23. Ng5 c4 24. Bf5 Rfe8 25. Bc2 Re5 26.
Qxh5 Nxh5 27. Bh7+ Kh8 28. Nf7+ Kxh7 29. Nxd6 Nf6 30. Nf7 Re7 31. Ng5+ Kg6
32. Nf3 Ng4 33. Nd4 c5 34. Nf5 Re5 35. Nh4+ Kh7 36. Rf5 Rxe3 37. Ref1 Rd8
38. Rh5+ Kg8 39. Ng6 Nh6 40. Rd1 d4 41. Rxc5 d3 42. Rxc4 Re2 43. Rd4 Rxd4
44. cxd4 Rxb2 45. Rxd3 Rxa2 46. h3 Kf7 47. Ne5+ Ke6 48. Nf3 Kd5 1-0

[Event "Pivdenny Bank Geller Mem"]
[Site "Odessa UKR"]
[Date "2005.07.02"]
[Round "5"]
[White "Klinova,M"]
[Black "Bogdanovich,S"]
[Result "1-0"]
[WhiteElo "2391"]
[BlackElo "2128"]
[EventDate "2005.07.01"]

1. e4 c5 2. Nf3 Nc6 3. Bb5 g6 4. Bxc6 dxc6 5. O-O Bg7 6. d3 Nf6 7. Nc3 O-O
8. Be3 Nd7 9. h3 e5 10. Qd2 Re8 11. Nh2 b6 12. f4 exf4 13. Rxf4 Ne5 14.
Raf1 Bh6 15. R4f2 Bxe3 16. Qxe3 Be6 17. Ne2 Qd6 18. Nf3 Nxf3+ 19. Rxf3 Rf8
20. Rf6 Rad8 21. Qh6 Rfe8 22. Kh1 Qf8 23. Qh4 Rd7 24. Nf4 Qg7 25. Rxe6 Rxe6
26. Nxe6 fxe6 27. Qf6 Rf7 28. Qxg7+ Kxg7 29. Kg1 Rd7 30. Kf2 c4 31. Ke3
cxd3 32. cxd3 e5 33. b4 Rf7 34. Rc1 Rf6 35. Rc2 Kf7 36. d4 exd4+ 37. Kxd4
Rd6+ 38. Ke5 Ke7 39. h4 Re6+ 40. Kf4 Rd6 41. Ke5 Kd7 42. g4 Re6+ 43. Kf4 h6
44. e5 Kc7 45. Ke4 a5 46. a3 axb4 47. axb4 Kd7 48. Rd2+ Ke7 49. Kd4 Kd7 50.
g5 hxg5 51. hxg5 Kc7 52. Rf2 Kd7 53. Rf7+ Re7 54. Rf6 Re6 55. Rf7+ Kc8 56.
Rg7 Kb8 57. b5 cxb5 58. Kd5 Re8 59. e6 b4 60. Rxg6 b3 61. Rh6 Kc7 62. Ke5
Kc6 63. g6 Rg8 64. Kf6 Ra8 65. Rh1 Kd5 66. e7 Kd4 67. Kf7 b2 68. e8=Q 1-0

[Event "Pivdenny Bank Geller Mem"]
[Site "Odessa UKR"]
[Date "2005.07.02"]
[Round "6"]
[White "Beim,V"]
[Black "Ponomariov,R"]
[Result "1/2-1/2"]
[WhiteElo "2512"]
[BlackElo "2695"]
[EventDate "2005.07.01"]

1. c4 Nf6 2. Nc3 c5 3. Nf3 e6 4. e3 b6 5. d4 cxd4 6. exd4 Bb7 7. a3 g6 8.
d5 Bg7 9. Be2 exd5 10. cxd5 O-O 11. O-O Na6 12. Bg5 h6 13. Bh4 Re8 14. Nd4
Nc5 15. Bf3 g5 16. Bg3 Nfe4 17. Nxe4 Nxe4 18. Bxe4 Rxe4 19. Nf5 Qf6 20.
Nxg7 Kxg7 21. Re1 Rae8 22. Qd2 Bxd5 23. Rxe4 Bxe4 24. Re1 Re6 25. Qxd7 Qxb2
26. h4 Qf6 27. hxg5 hxg5 28. Qxa7 Qc3 29. f3 g4 30. Qc7 Qxc7 31. Bxc7
1/2-1/2

[Event "Pivdenny Bank Geller Mem"]
[Site "Odessa UKR"]
[Date "2005.07.02"]
[Round "6"]
[White "Podgaets,M"]
[Black "Bogdanovich,S"]
[Result "1-0"]
[WhiteElo "2487"]
[BlackElo "2128"]
[EventDate "2005.07.01"]

1. d4 Nf6 2. c4 e6 3. Nf3 b6 4. g3 Ba6 5. b3 Bb4+ 6. Bd2 Be7 7. Bg2 c6 8.
Bc3 d5 9. Ne5 Nbd7 10. Nxd7 Nxd7 11. Nd2 O-O 12. O-O Rc8 13. e4 b5 14. Re1
bxc4 15. bxc4 dxc4 16. Qa4 Bb5 17. Qc2 Nb6 18. a4 Ba6 19. Red1 c5 20. d5
exd5 21. exd5 Bf6 22. Bxf6 Qxf6 23. a5 Nd7 24. Nxc4 Bxc4 25. Qxc4 Qd6 26.
f4 Rb8 27. Rab1 Rxb1 28. Rxb1 Rb8 29. Rxb8+ Qxb8 30. Bh3 Qb1+ 31. Qf1 Qxf1+
32. Kxf1 Nb8 33. Ke2 Kf8 34. Kd3 Ke7 35. Kc4 Kd6 36. Bc8 Kc7 37. Bf5 g6 38.
Bh3 Kd6 39. Bc8 Kc7 40. Bh3 Kd6 41. Bc8 h6 42. h4 Kc7 43. Bh3 Kd6 44. Bc8
h5 45. f5 gxf5 46. Bxf5 Na6 47. g4 hxg4 48. Bxg4 Nc7 49. Bf3 a6 50. h5 Ne8
51. h6 Nf6 52. Be4 Ke5 53. h7 1-0

[Event "Pivdenny Bank Geller Mem"]
[Site "Odessa UKR"]
[Date "2005.07.02"]
[Round "6"]
[White "Golubev,M"]
[Black "Klinova,M"]
[Result "1-0"]
[WhiteElo "2517"]
[BlackElo "2391"]
[EventDate "2005.07.01"]

1. e4 d6 2. d4 Nf6 3. Nc3 g6 4. f4 Bg7 5. Nf3 c5 6. Bb5+ Bd7 7. e5 Ng4 8.
e6 fxe6 9. Ng5 Bxb5 10. Nxe6 Bxd4 11. Nxb5 Qa5+ 12. Qd2 Bf2+ 13. Kd1 Ne3+
14. Ke2 Qxb5+ 15. Kxf2 Ng4+ 16. Kg3 Qd7 17. Re1 Nf6 18. b3 Nc6 19. Bb2 Kf7
20. Bxf6 exf6 21. Nxc5 Qf5 22. Nxb7 Kg7 23. Nxd6 Qd7 24. Ne8+ 1-0

[Event "Pivdenny Bank Geller Mem"]
[Site "Odessa UKR"]
[Date "2005.07.02"]
[Round "6"]
[White "Fingerov,D"]
[Black "Drozdovskij,Y"]
[Result "0-1"]
[WhiteElo "2361"]
[BlackElo "2517"]
[EventDate "2005.07.01"]

1. d4 e6 2. c4 Nf6 3. Nf3 b6 4. g3 Ba6 5. b3 Bb4+ 6. Bd2 Be7 7. Bg2 c6 8.
Ne5 d5 9. cxd5 cxd5 10. O-O Nfd7 11. Nf3 Nc6 12. Nc3 O-O 13. Rc1 Rc8 14.
Re1 Ba3 15. Rb1 h6 16. Bf1 Nf6 17. e3 Bxf1 18. Kxf1 Ne4 19. Nxe4 dxe4 20.
Ng1 e5 21. Bc3 exd4 22. exd4 Qd5 23. Qe2 f5 24. Qa6 Bb4 25. Rbc1 Nb8 26.
Qxc8 Rxc8 27. Bxb4 Qb5+ 28. Ne2 Rxc1 29. Rxc1 Qxb4 0-1

[Event "Pivdenny Bank Geller Mem"]
[Site "Odessa UKR"]
[Date "2005.07.03"]
[Round "7"]
[White "Bogdanovich,S"]
[Black "Golubev,M"]
[Result "1-0"]
[WhiteElo "2128"]
[BlackElo "2517"]
[EventDate "2005.07.01"]

1. e4 c5 2. Nf3 d6 3. d4 Nf6 4. Nc3 cxd4 5. Nxd4 g6 6. f4 Nc6 7. Nxc6 bxc6
8. e5 Nd7 9. exd6 exd6 10. Be3 Be7 11. Qd2 Nf6 12. O-O-O O-O 13. Bc4 d5 14.
Bb3 Bf5 15. Bd4 Ne4 16. Nxe4 Bxe4 17. Rhe1 a5 18. a3 a4 19. Ba2 Rb8 20.
Rxe4 dxe4 21. Qc3 Bg5 22. fxg5 Qxg5+ 23. Kb1 Rbd8 24. Re1 h5 25. Bf6 Qf4
26. Bxd8 Rxd8 27. Qxc6 Qg4 28. Bc4 Qxg2 29. Qxe4 Rd1+ 30. Ka2 1-0

[Event "Pivdenny Bank Geller Mem"]
[Site "Odessa UKR"]
[Date "2005.07.03"]
[Round "7"]
[White "Klinova,M"]
[Black "Beim,V"]
[Result "1/2-1/2"]
[WhiteElo "2391"]
[BlackElo "2512"]
[EventDate "2005.07.01"]

1. e4 d5 2. exd5 Nf6 3. d4 Nxd5 4. Nf3 g6 5. Be2 Bg7 6. O-O O-O 7. Re1 Bf5
8. c3 Nc6 9. Na3 Nb6 10. Bf4 a6 11. Nc4 Nd5 12. Bg3 Rc8 13. Bf1 Nf6 14. a4
Ne4 15. a5 Nxg3 16. hxg3 Qd7 17. Qb3 Rb8 18. Nce5 Nxe5 19. Nxe5 Bxe5 20.
Rxe5 e6 21. Bc4 h5 22. Rae1 Qd6 23. d5 exd5 24. Bxd5 Rbd8 25. Bc4 1/2-1/2

[Event "Pivdenny Bank Geller Mem"]
[Site "Odessa UKR"]
[Date "2005.07.03"]
[Round "7"]
[White "Legky,N"]
[Black "Podgaets,M"]
[Result "1/2-1/2"]
[WhiteElo "2455"]
[BlackElo "2487"]
[EventDate "2005.07.01"]

1. d4 Nf6 2. c4 e6 3. Nc3 Bb4 4. e3 O-O 5. Nge2 d5 6. a3 Be7 7. cxd5 exd5
8. g3 c6 9. Bg2 a5 10. O-O Na6 11. Nf4 Nc7 12. Bd2 Ne6 1/2-1/2

[Event "Pivdenny Bank Geller Mem"]
[Site "Odessa UKR"]
[Date "2005.07.03"]
[Round "7"]
[White "Ponomariov,R"]
[Black "Fingerov,D"]
[Result "1-0"]
[WhiteElo "2695"]
[BlackElo "2361"]
[EventDate "2005.07.01"]

1. e4 e6 2. d4 d5 3. Nc3 dxe4 4. Nxe4 Bd7 5. Nf3 Bc6 6. Bd3 Nd7 7. O-O Be7
8. Re1 Ngf6 9. Neg5 h6 10. Nh3 O-O 11. Ne5 Nxe5 12. dxe5 Ne4 13. Bxh6 Nxf2
14. Nxf2 gxh6 15. Qh5 Kg7 16. Re3 Rh8 17. Rf1 Qd4 18. Ng4 Be8 19. Kh1 f5
20. exf6+ Bxf6 21. Nxf6 1-0

[Event "Pivdenny Bank Geller Mem"]
[Site "Odessa UKR"]
[Date "2005.07.03"]
[Round "8"]
[White "Beim,V"]
[Black "Bogdanovich,S"]
[Result "1-0"]
[WhiteElo "2512"]
[BlackElo "2128"]
[EventDate "2005.07.01"]

1. c4 e5 2. Nc3 Bb4 3. Nd5 Be7 4. d4 d6 5. Nf3 Nc6 6. Nxe7 Ngxe7 7. d5 Nb8
8. e4 O-O 9. Be2 h6 10. O-O f5 11. exf5 Bxf5 12. Be3 Nd7 13. Rc1 Nf6 14. a4
a5 15. Nd2 c6 16. dxc6 bxc6 17. f4 exf4 18. Rxf4 d5 19. cxd5 Nfxd5 20. Rd4
Nxe3 21. Rxd8 Nxd1 22. Rxa8 Rxa8 23. Bxd1 Rb8 24. b3 Be6 25. Nc4 Bxc4 26.
Rxc4 Rd8 27. Bf3 Rb8 28. Rc3 Kf7 29. Kf2 Ke8 30. Bd1 Rd8 31. Ke1 Rd5 32.
Bf3 Re5+ 33. Kd2 Kd7 34. Rc4 c5 35. Rf4 Kd6 36. Rf7 g5 37. Rf6+ Re6 38.
Rxe6+ Kxe6 39. Kc3 Kd6 40. Kc4 Nf5 41. Kb5 Nd4+ 42. Kxa5 Nxb3+ 43. Kb5 Nd4+
44. Kc4 Nxf3 45. gxf3 Kc6 46. a5 h5 47. h3 1-0

[Event "Pivdenny Bank Geller Mem"]
[Site "Odessa UKR"]
[Date "2005.07.03"]
[Round "8"]
[White "Korchnoi,V"]
[Black "Ponomariov,R"]
[Result "0-1"]
[WhiteElo "2619"]
[BlackElo "2695"]
[EventDate "2005.07.01"]

1. c4 Nf6 2. d4 e6 3. g3 d5 4. Bg2 Bb4+ 5. Nd2 O-O 6. Qc2 Nc6 7. Ngf3 dxc4
8. Qxc4 Qd5 9. O-O Bxd2 10. Qxd5 exd5 11. Bxd2 Re8 12. Rfe1 Bg4 13. Be3 Ne4
14. Rac1 Re7 15. Ne5 Bd7 16. Nxd7 Rxd7 17. f3 Nd6 18. Bf2 a5 19. Rc5 Ne7
20. Bh3 f5 21. e4 c6 22. Rc2 g6 23. e5 Nb5 24. g4 Rf8 25. a4 Nc7 26. e6
Rdd8 27. Bh4 Rde8 28. Re5 fxg4 29. Bxg4 Rf4 30. Rd2 Nf5 31. Bg5 Rxd4 32.
Bxf5 Rxd2 33. Bxd2 gxf5 34. e7 Kf7 35. Rxf5+ Kxe7 36. Rh5 Rg8+ 37. Kf2 Rg7
38. Bxa5 Ne6 39. Bb4+ c5 40. Bd2 Kd6 41. Rf5 d4 42. h4 b5 43. axb5 Rb7 44.
b4 c4 45. Bf4+ Nxf4 46. Rxf4 Ke5 47. Rg4 h6 48. Rg8 Rxb5 49. Re8+ Kf5 50.
Rd8 d3 51. Rd4 Rxb4 52. Ke3 Ke5 53. h5 Ra4 54. f4+ Kf5 55. Rd5+ Kg4 56. Rc5
Rb4 57. Rc6 Kxh5 58. f5 Kg5 59. f6 Kg6 60. f7+ Kxf7 61. Rxh6 Rb2 62. Rh1
Rc2 63. Rb1 d2 64. Ke2 c3 65. Kd1 Ra2 66. Ke2 d1=Q+ 0-1

[Event "Pivdenny Bank Geller Mem"]
[Site "Odessa UKR"]
[Date "2005.07.03"]
[Round "8"]
[White "Legky,N"]
[Black "Drozdovskij,Y"]
[Result "0-1"]
[WhiteElo "2455"]
[BlackElo "2517"]
[EventDate "2005.07.01"]

1. d4 Nf6 2. c4 c6 3. Nc3 d5 4. Nf3 a6 5. e3 b5 6. b3 Bg4 7. Bd3 e6 8. h3
Bh5 9. O-O Nbd7 10. Bb2 Be7 11. a3 bxc4 12. bxc4 dxc4 13. Bxc4 c5 14. Be2
Rb8 15. Ra2 Qa5 16. Qe1 O-O 17. Nd5 Qd8 18. Nxe7+ Qxe7 19. Bxa6 Bxf3 20.
gxf3 cxd4 21. Bxd4 e5 22. Ba1 Qe6 23. Qe2 Qxh3 24. Rd1 Rb6 25. Rad2 Ne4 0-1

[Event "Pivdenny Bank Geller Mem"]
[Site "Odessa UKR"]
[Date "2005.07.03"]
[Round "9"]
[White "Bogdanovich,S"]
[Black "Fingerov,D"]
[Result "0-1"]
[WhiteElo "2128"]
[BlackElo "2361"]
[EventDate "2005.07.01"]

1. e4 e6 2. d4 d5 3. Nd2 Nf6 4. e5 Nfd7 5. Bd3 c5 6. c3 Nc6 7. Ne2 f6 8. f4
cxd4 9. cxd4 fxe5 10. dxe5 Qb6 11. Nf3 Nc5 12. Bb1 Ne4 13. Bxe4 dxe4 14.
Ng5 Bb4+ 15. Kf1 O-O 16. Nxe4 Nxe5 17. g3 Bd7 18. Qd4 Qb5 19. a4 Qa5 20.
Bd2 Bxd2 21. Qxd2 Qxd2 22. Nxd2 Bc6 23. Rg1 Rad8 24. Ke1 Nd3+ 25. Kd1 Nxb2+
26. Kc1 Nxa4 27. Ra3 Rd5 28. Nb1 b5 29. Nbc3 Rd3 30. Rd1 Rfd8 31. Rxd3 Rxd3
32. Kc2 Be4 33. Rxa4 Rxc3+ 34. Kxc3 bxa4 35. Nd4 Kf7 36. Nb5 Bc6 37. Nd6+
Ke7 38. Nc4 Bd5 39. Na3 Kf6 40. Kd4 Kf5 41. Ke3 Kg4 42. Kf2 h5 43. h4 a6
44. Nc2 Bb3 45. Na3 Kf5 46. Ke3 e5 47. fxe5 Kxe5 48. Nb1 Bc2 49. Na3 Bg6
50. Nc4+ Kd5 51. Na3 Bf7 52. Kd3 Bg6+ 53. Kc3 Ke4 54. Nc4 a3 55. Nxa3 Kf3
56. Kd4 Kxg3 57. Ke3 Kxh4 58. Kf4 Bf7 59. Nc2 g5+ 60. Kf3 g4+ 61. Kf4 Bd5
0-1

[Event "Pivdenny Bank Geller Mem"]
[Site "Odessa UKR"]
[Date "2005.07.03"]
[Round "9"]
[White "Klinova,M"]
[Black "Korchnoi,V"]
[Result "1-0"]
[WhiteElo "2391"]
[BlackElo "2619"]
[EventDate "2005.07.01"]

1. e4 e6 2. Nf3 d5 3. Nc3 d4 4. Ne2 c5 5. Ng3 a6 6. Be2 Nc6 7. O-O Nf6 8.
d3 e5 9. h3 g6 10. Nh2 Bg7 11. Ng4 Ng8 12. f4 exf4 13. Bxf4 h5 14. Nh2 h4
15. Nh1 g5 16. Bd2 Ne5 17. Nf2 f6 18. Nfg4 Ng6 19. Nf2 N8e7 20. Bg4 Bxg4
21. Nfxg4 Qb6 22. a3 O-O-O 23. b4 c4 24. dxc4 Qe6 25. c5 Qxe4 26. Nxf6 Bxf6
27. Rxf6 Nd5 28. Rd6 Ngf4 29. Qg4+ Kc7 30. Bxf4 Nxf4 31. Nf3 Ne2+ 32. Kh2
Qxg4 33. hxg4 Rxd6 34. cxd6+ Kxd6 35. Re1 Nc3 36. Nxd4 Kd5 37. Nf3 Rc8 38.
Re5+ Kd6 39. Rxg5 Ne4 40. Rg7 b5 41. Nxh4 Rxc2 42. Rg6+ Kd5 43. Rxa6 Ra2
44. Nf3 Kc4 45. g5 Re2 46. Re6 1-0

[Event "Pivdenny Bank Geller Mem"]
[Site "Odessa UKR"]
[Date "2005.07.03"]
[Round "9"]
[White "Ponomariov,R"]
[Black "Legky,N"]
[Result "1-0"]
[WhiteElo "2695"]
[BlackElo "2455"]
[EventDate "2005.07.01"]

1. e4 e6 2. d4 d5 3. Nc3 h6 4. Bd3 Nc6 5. Nf3 Nb4 6. exd5 exd5 7. Bf4 Nxd3+
8. Qxd3 c6 9. O-O-O Nf6 10. Ne5 Be7 11. f3 O-O 12. Kb1 Be6 13. g4 Nd7 14.
Nxd7 Qxd7 15. h4 Rae8 16. Ne2 h5 17. gxh5 Bf5 18. Qd2 Bb4 19. Qxb4 Rxe2 20.
Ka1 Bxc2 21. Rdg1 Kh7 22. Qxf8 1-0